Var finns huvudstaden på landskartan? - Statistics

General Stats
  • This quiz has been taken 21 times
  • The average score is 11 of 15
Answer Stats
Question Answer % Correct
Var ligger Sveriges huvudstad?
100%
Var ligger Frankrikes huvudstad?
86%
Var ligger Spaniens huvudstad?
86%
Var ligger Storbritanniens huvudstad?
86%
Var ligger huvudstaden i USA?
71%
Var ligger Indiens huvudstad?
71%
Var ligger Tysklands huvudstad?
71%
Var ligger huvudstaden i Egypten?
71%
Var ligger huvudstaden i Australien?
71%
Var ligger Kanadas huvudstad?
71%
Var ligger Japans huvudstad?
71%
Var ligger Turkiets huvudstad?
57%
Var ligger Brasiliens huvudstad?
57%
Var ligger Kinas huvudstad?
57%
Var ligger Marockos huvudstad?
57%
No matching quizzes found
Score Distribution
Percent of People with Each Score
Percentile by Number Answered
Your Score History
You have not taken this quiz